000 00316nam a22001337a 4500
020 _a0596000960
082 _222
_a005.133
100 _aLundh, Fredrik,
245 _aPylhon standard library /
250 _a1st.
260 _aBeijing,
_bO'Reilly,
_cc2001.
300 _axvi, 281p. ;
_bill. ;
_c23 cm.
942 _2ddc
_cIT
999 _c1320
_d1320